Řeka bohů. Anubisova hrozba /
Uloženo v:
| Série: | Řeka bohů,
část 10 |
|---|---|
| Hlavní autor: | |
| Další autoři: | , |
| Médium: | Kniha |
| Jazyk: | Czech |
| Vydáno: |
Frýdek-Místek :
Alpress,
2026
|
| Vydání: | Vydání první |
| Edice: | Klokan (Alpress)
|
| Témata: | |
| Celkem bylo vypůjčeno: | 0x |
| Příbuzné jednotky: | Z cyklu::
Řeka bohů |
| Tagy: |
Žádné tagy |
| LEADER | 01691nam a2200457 i 4500 | ||
|---|---|---|---|
| 001 | 106430 | ||
| 003 | CZ PrNK | ||
| 005 | 20260602080445.0 | ||
| 007 | ta | ||
| 008 | 260312s2026 xr g 000 f cze | ||
| 015 | |a cnb003745160 | ||
| 020 | |a 9788076956742 |q (vázáno) | ||
| 040 | |a BOA001 |b cze |e rda | ||
| 041 | 1 | |a cze |h eng | |
| 072 | 7 | |a 821.111-3 |x Anglická próza, anglicky psaná |2 Konspekt |9 25 | |
| 080 | |a 821.111-31 |2 MRF | ||
| 080 | |a (0:82-311.3) |2 MRF | ||
| 100 | 1 | |a Smith, Wilbur A., |d 1933-2021 |7 jn19990009793 |4 aut |9 23046 | |
| 240 | 1 | 0 | |a House of two pharaohs. |l Česky |
| 245 | 1 | 0 | |a Řeka bohů. |p Anubisova hrozba / |c Wilbur Smith & Mark Chadbourn ; z anglického originálu House of two pharaohs ... přeložil Jan Mrlík |
| 246 | 3 | 0 | |a Anubisova hrozba |
| 250 | |a Vydání první | ||
| 264 | 1 | |a Frýdek-Místek : |b Alpress, |c 2026 | |
| 300 | |a 325 stran ; |c 21 cm | ||
| 336 | |a text |b txt |2 rdacontent | ||
| 337 | |a bez média |b n |2 rdamedia | ||
| 338 | |a svazek |b nc |2 rdacarrier | ||
| 490 | 1 | |a Klokan | |
| 655 | 7 | |a anglicky psané romány |7 fd131805 |2 czenas |9 53412 | |
| 655 | 7 | |a dobrodružné romány |7 fd132061 |2 czenas |9 53558 | |
| 655 | 9 | |a fiction in English |2 eczenas | |
| 655 | 9 | |a adventure novels |2 eczenas | |
| 700 | 1 | |a Chadbourn, Mark, |d 1960- |7 xx0032664 |4 aut |9 114310 | |
| 700 | 1 | |a Mrlík, Jan, |d 1953- |7 ola200205716 |4 trl |9 23749 | |
| 710 | 2 | |a Alpress (nakladatelství) |7 xx0213868 |4 pbl |9 117194 | |
| 787 | 0 | 8 | |i Z cyklu: |t Řeka bohů |g 10 |
| 830 | 0 | |a Klokan (Alpress) | |
| 910 | |a UOG502 | ||
| 942 | |2 ddc |c KN | ||
| 999 | |d 106430 | ||
| 993 | |0 0 |1 421180107144 |2 ddc |4 0 |7 0 |9 99851 |b 0 |c 107144 |d 2026-06-02 |e 0 |f DOSP |h 449.00 |i Koupě |l DOSP |r 2026-06-02 |t 6 |w 2026-06-02 |y KN |z BELET |n | ||